[Event "XLIII Sevilla Open 2018"]
[Site "Sevilla"]
[Date "2018.01.13"]
[Round "2"]
[White "Degro, Heiko"]
[Black "Kveinys, Aloyzas"]
[Result "0-1"]
[WhiteElo "2058"]
[BlackElo "2547"]
[Annotator "TA"]
[PlyCount "72"]
[EventDate "2018.??.??"]
[EventType "swiss"]
[EventCountry "ESP"]
[SourceTitle "playchess.com"]
[Source "ChessBase"]
[SourceQuality "1"]

{[%evp 19,72,4,8,7,13,0,-3,-9,0,0,85,79,63,-18,-14,-6,-14,-31,-28,-44,-43,-47,-52,-55,-52,-49,-42,-114,-111,-184,-188,-197,-172,-220,-220,-219,-214,-216,-206,-214,-209,-206,-133,-230,-136,-271,-282,-322,-225,-227,-223,-907,-889,-29991,-29992]} 1. e4 {[%cal Be2e4,Be4e5][%mdl 32]} c5 2. Nf3 e6 3. c3 Nf6 4. e5 Nd5 5. Bc4 d6 6. Qe2 {B22: Sicilian: 2 c3} Be7 7. O-O $146 ({Predecessor:} 7. d4 cxd4 8. cxd4 Nc6 9. O-O Nb6 10. Bb5 a6 11. Bxc6+ bxc6 12. Bd2 Nd5 13. Rc1 Qb6 14. Na3 Bd7 15. Nc4 Qc7 16. Ba5 Qb8 17. exd6 Bxd6 {0-1 (38) Breckenridge,S (2342)-Kovalyov,A (2617) Santa Clara 2014}) 7... O-O 8. exd6 Qxd6 9. d4 cxd4 10. cxd4 Nc6 {LiveBook: 8 Games} 11. Rd1 Na5 12. Bxd5 exd5 13. Nc3 Bg4 14. h3 Bh5 (14... Be6 $11 {remains equal.}) 15. g4 $16 Bg6 {[%cal Bh5g6,Bg6e4,Be4c2][%mdl 32] [#]} 16. Qe5 (16. Bf4 $1 $14 {[%mdl 512]} Qe6 (16... Qxf4 17. Nxd5) 17. Qb5) 16... Rfd8 17. Qxd6 Bxd6 18. Nb5 Be4 19. Ng5 Bc2 20. Rd2 Bg6 21. Nxd6 Rxd6 22. Re2 f6 23. Bf4 (23. Nf3 $15) 23... Ra6 $1 $36 {[%mdl 2048] Keeping White busy.} 24. Nf3 {[#]} (24. Ne6 $17 Nb3 25. Rd1 Rxa2 26. Nc5) 24... Nb3 $1 $19 {[%cal Rb3a1][%mdl 512]} 25. Rd1 (25. axb3 Rxa1+) 25... Rxa2 26. Nh4 Re8 27. Rxe8+ Bxe8 28. Nf5 Rxb2 29. Ne7+ Kf7 30. Nxd5 Bc6 31. Ne3 {[#]} (31. Nc3 $17 {is a better defense.}) 31... g5 (31... Bf3 $1 $19 {[%cal Rf3d1]} 32. Nc4 Bxd1 33. Nxb2 Bf3) 32. Bc7 (32. d5 $17 gxf4 33. Nc4) 32... Bf3 33. Rd3 Be2 34. Rc3 Nxd4 {And now ...Rb1+ would win.} 35. Bb8 $2 (35. Nf5 Rb1+ 36. Kg2 Nxf5 37. gxf5) 35... Rb1+ 36. Kg2 Bf3+ {Precision: White = 26%, Black = 73%.} 0-1

[Event "XLIII Sevilla Open 2018"]
[Site "Sevilla"]
[Date "2018.01.13"]
[Round "2"]
[White "Romero Garcia, Mariano"]
[Black "Saric, Ante"]
[Result "0-1"]
[WhiteElo "2037"]
[BlackElo "2537"]
[Annotator "TA"]
[PlyCount "32"]
[EventDate "2018.??.??"]
[EventType "swiss"]
[EventCountry "ESP"]
[SourceTitle "playchess.com"]
[Source "ChessBase"]
[SourceQuality "1"]

{[%evp 14,32,0,0,0,0,12,-11,-21,-15,-17,-18,-6,-33,-9,-35,-40,-112,-102,-243,-254]} 1. e4 c5 2. Nf3 Nc6 3. Bb5 g6 4. Bxc6 bxc6 5. O-O Bg7 6. Nc3 e5 7. d3 d6 8. h3 {LiveBook: 16 Partien} f5 {B31: Sizilianisch (Rossolimo-Variante)} 9. exf5 gxf5 10. Ng5 {[#] Droht Dh5+ und aus.} Nf6 $1 {Die Stellung ist ausgeglichen.} 11. f4 O-O 12. fxe5 dxe5 13. Qe1 $146 {[#]} ({Vorgänger:} 13. Nf3 Nd5 14. Bg5 Qd6 15. Qd2 Bd7 16. Be3 {1-0 (28) Feygin,M (2488)-Ris,R (2427) Germany 2015}) 13... c4 $1 {[%mdl 512]} 14. dxc4 e4 {Weiss muss nun ...h6 beachten.} 15. h4 (15. Qg3 $1 $15) 15... Ng4 $17 {[%mdl 1024] Schwarz hat starke Kompensation.} 16. Bf4 (16. Kh1 $17) 16... Qb6+ 0-1

[Event "XLIII Sevilla Open 2018"]
[Site "Sevilla"]
[Date "2018.01.13"]
[Round "2"]
[White "Cuellar Montes, Alejandro"]
[Black "Swapnil, S  Dhopade"]
[Result "0-1"]
[WhiteElo "2024"]
[BlackElo "2533"]
[Annotator "TA"]
[PlyCount "86"]
[EventDate "2018.??.??"]
[EventType "swiss"]
[EventCountry "ESP"]
[SourceTitle "playchess.com"]
[Source "ChessBase"]
[SourceQuality "1"]

{[%evp 19,86,4,15,24,11,0,24,20,10,22,25,-36,-28,-25,-26,-44,-41,-32,-33,-34,-34,-110,-113,-133,-34,-40,-28,-33,-44,-52,-35,-50,-49,-68,-6,-7,0,-145,-140,-131,-11,-9,-8,-61,-85,-76,0,0,0,-148,-154,-217,-218,-240,-199,-293,-278,-291,-249,-1342,-1267,-1438,-1205,-2179,-1659,-1335,-1358,-1283,-1237]} 1. d4 Nf6 2. c4 c5 3. d5 b5 4. cxb5 a6 5. bxa6 g6 6. Nc3 {A58: Benko/Volga Gambit: Lines with 5 bxa6} Bg7 7. e4 (7. g3 d6 8. Bg2 O-O 9. Nf3 Nbd7 10. O-O Nb6 11. e4 Bxa6 12. Re1 Nc4 13. Bf1 Nd7 14. Nd2 Nde5 15. Nxc4 Nxc4 16. Bd3 Qb6 17. Rb1 Rfb8 18. Na4 Qb4 19. Kg2 Ne5 20. Bd2 {0-1 (53) Harika,D (2528)-Kramnik,V (2803) Douglas 2017}) 7... O-O 8. Nf3 Qa5 9. Bd2 Bxa6 10. Bxa6 Qxa6 {LiveBook: 53 Games} 11. Qe2 e6 12. dxe6 fxe6 13. Qxa6 Nxa6 {[%cal Bb8a6,Ba6b4,Bb4d3][%mdl 32]} 14. O-O $146 Nb4 15. a3 (15. b3 $11) 15... Nd3 $15 16. Rab1 Ng4 17. h3 Nge5 18. Nxe5 Bxe5 19. Nd1 Rfb8 20. Be3 (20. f4 $15 Bd4+ 21. Be3) 20... c4 $1 $17 {[%cal Rd3b2]} 21. f4 Bd6 ({Black should try} 21... Bxb2 $17 {Strongly threatening ...c3.} 22. Nxb2 Nxb2) 22. e5 $15 {[#]} Bxa3 $1 {[%cal Rd3b2][%mdl 512]} 23. Bd4 $1 (23. bxa3 Rxb1) 23... Be7 24. Ne3 Ra4 25. g3 Rb3 {Hoping for ...Bc5.} 26. Rfd1 h5 (26... g5 $15 27. f5 Nxe5 $1 {[%mdl 512]} 28. fxe6 dxe6 29. Bxe5 Rxe3) 27. h4 $11 Bc5 {[#]} 28. Bxc5 (28. Rxd3 $1 $11 {[%mdl 512] was the only way to keep the balance.} Bxd4 (28... Rxd3 29. Bxc5) 29. Rxd4 Rxe3 30. Kh2) 28... Nxc5 $17 29. Nf1 Nd3 ({Black should play} 29... Kf8 $17 30. Rdc1 Rab4) 30. Nd2 $1 $11 {[%cal Rd2b3]} Rxb2 31. Rxb2 (31. Ne4 $1 $11) 31... Nxb2 {[%mdl 4096] Endgame KRN-KRN} 32. Rc1 {[#]} Kf8 (32... Ra3 $1 $17 {[%cal Ra3g3]} 33. Rc2 Nd1 34. Nxc4 Rxg3+ 35. Rg2 Rxg2+ 36. Kxg2 Kf7) 33. Rc2 Rb4 34. Kf2 {[#]} (34. Kg2 $11 {remains equal.}) 34... c3 $1 $17 {[%cal Rc3d2][%mdl 512]} 35. Nf3 {[#]} (35. Nf1 $17) (35. Rxc3 Nd1+) 35... Re4 $1 $19 36. Ng5 Nd1+ 37. Kg1 (37. Kf1 $142 Rxe5 38. Rc1) 37... Re3 38. Kh2 Ke7 39. Nh3 $2 (39. Kg2) 39... Rd3 {Black is clearly winning.} 40. Rc1 Rd2+ 41. Kg1 c2 42. f5 gxf5 43. Nf4 Ne3 {Precision: White = 45%, Black = 57%.} 0-1

[Event "XLIII Sevilla Open 2018"]
[Site "Sevilla"]
[Date "2018.01.13"]
[Round "2"]
[White "Planas Gene, Juan"]
[Black "Ulybin, Mikhail"]
[Result "0-1"]
[WhiteElo "2019"]
[BlackElo "2519"]
[Annotator "TA"]
[PlyCount "46"]
[EventDate "2018.??.??"]
[EventType "swiss"]
[EventCountry "ESP"]
[SourceTitle "playchess.com"]
[Source "ChessBase"]
[SourceQuality "1"]

{[%evp 11,46,14,17,-48,3,-37,-38,-20,-14,-37,-25,-35,-20,-35,-19,-77,-62,-69,-65,-99,-99,-109,-109,-106,-108,-117,-110,-128,-133,-119,-117,-249,-246,-245,-242,-432,-435]} 1. d4 e6 2. c4 f5 3. Nf3 Nf6 4. Nc3 Bb4 5. Bd2 O-O 6. g3 d5 {LiveBook: 8 Games. A85: Dutch Defence: 2 c4 Nf6 3 Nc3} (6... b6 7. Bg2 Bb7 8. O-O a5 9. b3 Qe7 10. Nb5 c6 11. Nc3 d6 12. a3 Bxc3 13. Bxc3 Ne4 14. Bb2 c5 15. Nd2 Nd7 16. Nxe4 fxe4 {1-0 (37) Lenderman,A (2565)-Eljanov,P (2734) Tbilisi 2017}) 7. b3 (7. cxd5 $11 Bxc3 8. bxc3) 7... c5 $146 (7... dxc4 $15 8. a3 Bxc3 9. Bxc3 Ne4) ({Predecessor:} 7... c6 8. Bg2 a5 9. O-O Nbd7 10. a3 Bxc3 11. Bxc3 Ne4 12. Qc2 g5 13. Bb2 Qe8 14. Ne5 {1-0 (46) Gornevs,E-Darznieks,A Riga 1958}) 8. a3 Bxc3 $1 {Black is slightly better.} 9. Bxc3 Ne4 10. Qc2 Nxc3 11. Qxc3 cxd4 12. Qxd4 Nc6 13. Qd2 (13. Qc5 $11) 13... Qf6 $17 14. Rc1 dxc4 15. Rxc4 e5 {[%cal Be6e5,Be5e4][%mdl 32]} 16. Qb2 Be6 17. Rc1 Rac8 18. Bg2 e4 19. Qxf6 gxf6 20. Nh4 Nd4 $40 {[%mdl 128] Black has strong attack.} 21. Rxc8 (21. Rb1 $17 {is the only way for White.}) 21... Rxc8 $19 22. Kd2 f4 ({Weaker is} 22... Bxb3 23. Ke3 $15) 23. Bxe4 $2 {[#]} (23. Rd1 Bxb3 24. Bxe4 Bxd1 25. Kxd1) 23... Nxb3+ {Precision: White = 30%, Black = 77%.} 0-1

[Event "XLIII Sevilla Open 2018"]
[Site "Sevilla"]
[Date "2018.01.13"]
[Round "2"]
[White "Avila Fraire, Ameyalli"]
[Black "Gleizerov, Evgeny"]
[Result "0-1"]
[WhiteElo "2014"]
[BlackElo "2509"]
[Annotator "TA"]
[PlyCount "88"]
[EventDate "2018.??.??"]
[EventType "swiss"]
[EventCountry "ESP"]
[SourceTitle "playchess.com"]
[Source "ChessBase"]
[SourceQuality "1"]

{[%evp 24,88,-74,-63,-66,-91,-87,-100,-83,-114,-114,-125,-129,-121,-120,-121,-75,-133,-87,-81,-104,-79,-95,-135,-127,-128,-122,-127,-124,-129,-130,-119,-114,-104,-73,-74,-74,-84,-82,-83,-95,-129,-121,-142,-129,-139,-113,-320,-316,-634,-623,-903,-897,-903,-407,-899,-899,-897,-877,-876,-875,-879,-851,-2608,-2762,-2773,-2764]} 1. e4 e6 2. d4 d5 3. Nc3 Nf6 4. e5 Nfd7 5. f4 c5 6. Nf3 a6 7. Be3 Qb6 8. Qd2 Qxb2 {C11: French: Classical System: 4 e5 and 4 Bg5 dxe4} 9. Rb1 Qa3 10. Be2 Nc6 11. O-O (11. f5 cxd4 12. fxe6 dxe3 13. exf7+ Kd8 14. Qxe3 Bc5 15. Qg5+ Be7 16. Qd2 Qa5 17. Rd1 Nb6 18. O-O Kc7 19. Ng5 h6 20. f8=Q Rxf8 21. Rxf8 Bxf8 22. Qf4 Qc5+ {0-1 (22) Fluvia Poyatos,J (2508)-Vaganian,R (2600) Barcelona 2007}) 11... cxd4 12. Nxd4 Nxd4 13. Bxd4 {LiveBook: 9 Games} Bc5 14. Kh1 Bxd4 15. Qxd4 Qc5 16. Qd3 O-O $146 17. Qh3 b5 18. Bd3 {[%csl Gd3][%cal Rh3h7] [#]} f5 19. Ne2 d4 20. Qf3 ({White must play} 20. Rbd1) 20... Rb8 21. Qf2 Bb7 22. Nxd4 Bd5 23. Nb3 Qxf2 24. Rxf2 Rfc8 25. Rd2 Nb6 26. Nd4 g6 ({Don't play} 26... Bxa2 $6 27. Ra1 $11) 27. Kg1 Na4 28. a3 Rd8 29. Rb4 Rbc8 30. Ne2 Kf7 31. g3 Bc4 32. Kf2 Rc7 33. Ke3 Rcd7 34. Rb1 Ke7 35. Rbd1 $2 {[#]} (35. h3 $17) 35... Nb2 $19 36. Ra1 $2 (36. h3) 36... Nxd3 37. cxd3 Rxd3+ 38. Rxd3 Rxd3+ {[%mdl 4096] Endgame KRB-KRN} ({Inferior is} 38... Bxd3 39. Nd4 $11) 39. Kf2 Rd2 {Black is clearly winning.} 40. Re1 Ra2 41. h3 h5 42. h4 a5 43. Kf1 Rxa3 44. Kf2 Ra2 {Precision: White = 44%, Black = 79%.} 0-1

[Event "XLIII Sevilla Open 2018"]
[Site "Sevilla"]
[Date "2018.01.13"]
[Round "2"]
[White "Suarez Soria, Christian"]
[Black "Matamoros Franco, Carlos S"]
[Result "0-1"]
[WhiteElo "2005"]
[BlackElo "2484"]
[Annotator "TA"]
[PlyCount "44"]
[EventDate "2018.??.??"]
[EventType "swiss"]
[EventCountry "ESP"]
[SourceTitle "playchess.com"]
[Source "ChessBase"]
[SourceQuality "1"]

{[%evp 10,44,7,0,45,46,52,45,56,47,47,34,49,37,60,29,30,7,33,0,39,0,65,3,2,16,25,-59,0,-566,-560,-731,-738,-889,-887,-29997,-29998]} 1. e4 c5 2. Nf3 Nc6 3. d4 cxd4 4. Nxd4 e5 5. Nb3 Nf6 6. Bg5 {LiveBook: 17 Games} a5 {B32: Sicilian: Löwenthal and Kalashnikov Variations} (6... Be7 7. Bxf6 Bxf6 8. Nc3 O-O 9. Bc4 d6 10. O-O Be6 11. Nd5 Bg5 12. c3 Rc8 13. Qe2 Kh8 14. Rfd1 Ne7 {1-0 (48) Short,N (2677)-Kuderinov,K (2442) Turin 2006}) 7. a4 Be7 8. Bxf6 Bxf6 {White is slightly better.} 9. Nc3 O-O $146 ({Predecessor:} 9... Be7 10. Nd5 O-O 11. Bc4 d6 12. O-O Be6 13. Qe2 Rc8 14. c3 Bxd5 15. Bxd5 {½-½ (26) Hendriks,T-De Groote,E Schagen 2003}) 10. Bc4 d6 11. O-O Be6 12. Nd5 Bg5 13. Qe2 Rc8 14. Rad1 Kh8 15. c3 g6 (15... Ne7 $11) 16. g3 (16. Nd2 $14) 16... Bh3 $11 17. Rfe1 f5 18. f3 (18. exf5 $11 gxf5 19. Qd3) 18... Ne7 ({Black should play} 18... f4 $15) 19. Nc1 $2 {[%mdl 8192] [#]} (19. exf5 $11 Nxd5 20. Bxd5) 19... Rxc4 $1 $19 {[%mdl 512]} 20. Qxc4 Nxd5 21. Rxd5 Qb6+ 22. Kh1 Qf2 {Precision: White = 19%, Black = 51%.} 0-1

[Event "XLIII Sevilla Open 2018"]
[Site "Sevilla"]
[Date "2018.01.13"]
[Round "2"]
[White "Morales Barrera, Raul"]
[Black "Anurag, Mhamal"]
[Result "0-1"]
[WhiteElo "1994"]
[BlackElo "2472"]
[Annotator "TA"]
[PlyCount "50"]
[EventDate "2018.??.??"]
[EventType "swiss"]
[EventCountry "ESP"]
[SourceTitle "playchess.com"]
[Source "ChessBase"]
[SourceQuality "1"]

{[%evp 9,50,0,2,-15,0,0,4,-9,12,0,0,-41,-40,-43,-18,-4,-8,-53,-45,-56,-50,-92,-54,-131,-143,-200,-206,-202,-192,-206,-193,-201,-197,-191,-187,-267,-268,-718,-720,-1254,-1229,-1495,-1456]} 1. d4 Nf6 2. Nf3 g6 3. Bg5 Bg7 4. Nbd2 h6 5. Bf4 (5. Bh4 d5 6. e3 Bf5 7. Bd3 Bxd3 8. cxd3 O-O 9. O-O c6 10. Rc1 Qb6 11. Qb3 Nbd7 12. Ne5 Rfe8 13. Bg3 {1-0 (30) So,W (2815)-Giri,A (2785) chess.com INT 2017}) 5... d6 {LiveBook: 4 Games} 6. h3 {A48: 1 d4 Nf6 2 Nf3 g6: Torre, London and Colle Systems} c5 7. c3 $146 ({Find the theoretical novelty and annotate with similar games:} 7. e3 Nc6 8. c3 b6 9. Bb5 Bb7 10. a4 a6 11. Bd3 O-O 12. O-O e5 {½-½ (23) Siklos,A-Roos,P Netherlands 1978}) 7... cxd4 8. cxd4 {The position is equal.} Nc6 9. e4 e5 10. Be3 exd4 11. Nxd4 O-O 12. Nxc6 bxc6 13. Be2 d5 14. Qa4 dxe4 15. Bd4 Qd5 16. O-O {[#]} ({Better is} 16. Nb3 $15) 16... Bxh3 $1 $17 {[%mdl 512] ...Qg5 is the strong threat.} 17. gxh3 (17. Bxf6 $17 Qxd2 18. Bxg7 Kxg7 19. gxh3 Qxe2 20. Qd4+ Kh7 21. Rae1) 17... Qg5+ $19 18. Kh1 Qxd2 19. Rfe1 Rfd8 20. Rad1 Qf4 {And now ...e3! would win.} 21. Qxc6 Rac8 22. Qa6 (22. Qb7 $142) 22... Qh4 23. Kg2 $2 (23. Bf1) 23... Nd5 {Black is clearly winning.} 24. Bg4 {[#]} Bxd4 $1 {[%mdl 512]} 25. Rxd4 Rc2 {Precision: White = 26%, Black = 67%.} 0-1

[Event "XLIII Sevilla Open 2018"]
[Site "Sevilla"]
[Date "2018.01.14"]
[Round "3"]
[White "Kveinys, Aloyzas"]
[Black "Lopez Gonzalez, Daniel"]
[Result "1-0"]
[WhiteElo "2547"]
[BlackElo "2285"]
[Annotator "TA"]
[PlyCount "134"]
[EventDate "2018.??.??"]
[EventType "swiss"]
[EventCountry "ESP"]
[SourceTitle "playchess.com"]
[Source "ChessBase"]
[SourceQuality "1"]

{[%evp 20,134,23,20,38,13,24,20,26,24,25,0,0,0,0,0,0,0,0,0,0,0,0,0,45,0,0,0,0,0,6,0,0,0,0,0,0,0,0,0,0,0,0,0,22,0,16,27,25,53,12,0,0,0,0,0,0,0,0,0,0,0,0,0,0,0,8,8,8,14,473,467,504,452,458,451,460,454,829,822,748,8,158,51,59,0,8,8,282,62,72,104,281,188,271,0,242,0,0,0,226,8,8,18,151,151,151,0,150,150,149,848,5381,5300,5273,5208,4133]} 1. d4 d5 2. c4 e6 3. Nc3 Nf6 4. cxd5 exd5 5. Bg5 c6 6. e3 Be7 7. Bd3 Nbd7 8. Nf3 h6 9. Bh4 Nh5 {D35: Queen's Gambit Declined: Exchange Variation} 10. Bxe7 Qxe7 11. O-O {LiveBook: 3 Games} O-O {The position is equal.} (11... Nhf6 12. Qb1 a5 13. a3 O-O 14. b4 axb4 15. Qxb4 Re8 16. Rfc1 Qxb4 17. axb4 Rxa1 18. Rxa1 {1-0 (55) Adhiban,B (2677)-Erdos,V (2628) Linares 2017}) 12. Qb1 $146 ({Predecessor:} 12. Rb1 a5 13. a3 Nhf6 14. Qc2 Re8 15. b4 axb4 16. axb4 Nb6 17. Rfc1 Be6 18. b5 c5 19. dxc5 Qxc5 20. Ne4 Nxe4 21. Qxc5 Nxc5 22. Rxc5 Rec8 23. Rxc8+ Rxc8 24. Nd4 {½-½ (24) Saric,I (2555)-Cvitan,O (2485) Mali Losinj 2017}) 12... a5 13. Re1 Nhf6 14. a3 Re8 15. e4 dxe4 16. Nxe4 Nxe4 17. Rxe4 Qd8 18. Bc4 {[%cal Bd3c4,Bc4a2,Ba2d5][%mdl 32]} Nf8 19. d5 b5 20. Ba2 cxd5 {[#]} 21. Bxd5 $1 {[%mdl 512]} Ra7 (21... Qxd5 22. Rxe8) 22. Rxe8 Qxe8 23. Qc2 Be6 24. Re1 Qd8 25. Bxe6 Nxe6 26. h3 Rd7 27. Qc6 Rd5 28. Re5 Rxe5 29. Nxe5 Qb8 30. Qd5 Qc7 31. Nd3 Qb6 32. Qd7 g6 33. Ne5 Qc7 34. Qxc7 Nxc7 $11 {[%mdl 4096] Endgame KN-KN} 35. Nc6 a4 36. Kf1 f6 37. Ke2 Kf7 38. Nd4 Ke7 39. h4 {[%cal Bh3h4,Bh4h5,Bh5h6][%mdl 32]} h5 40. Kd3 Kd6 41. g3 Kd5 42. Ne2 g5 {[#]} 43. g4 $1 {[%mdl 512]} hxg4 44. h5 {h6 is the strong threat.} Ne6 $2 {[%mdl 8192]} (44... Ke6 $1 $11 {and Black stays safe.}) 45. h6 $18 Nf8 46. Nc3+ Ke5 47. Nxb5 Kf4 48. Nd4 {aiming for Ne6+!} g3 (48... Nh7 $142 49. b4 axb3) 49. fxg3+ Kxg3 50. Ke4 $2 ({White should try} 50. b3 $18) 50... Kh4 (50... Kg4 $11) 51. Ne6 (51. Kf5 $16 g4 52. Kxf6) 51... Nh7 $14 52. Ng7 (52. Nc5 $1 $14 g4 53. Nxa4) 52... g4 53. Kf4 Kh3 $2 {[%mdl 8192]} (53... Ng5 $11 {and Black is okay.}) 54. Nh5 $2 (54. Nf5 $18) 54... Kh4 55. Ng3 Kh3 $2 (55... Nf8 $16 56. Ne4 Nh7) 56. Nf1 Nf8 (56... Kh4 $142 57. Ne3 Kh5) 57. Ng3 Nh7 $1 {[#]} 58. Nh5 $2 (58. Nf5 $1 $18) 58... Kh4 $11 59. Ng7 $2 (59. Ng3 $11) 59... Kh3 $18 {White must now prevent ...g3.} 60. Kf5 $2 (60. Nf5 $18) 60... g3 $11 61. Nh5 {Hoping for Kg6.} g2 (61... Kh4 $1 $11 62. Nf4 Ng5) 62. Nf4+ $16 Kh2 {[#]} 63. Ne2 $2 (63. Nxg2 $1 $16 {[%mdl 512] Strongly threatening Nf4.} Kxg2 64. Kg6) 63... g1=Q (63... Kh3 $11) 64. Nxg1 Kxg1 65. Kg6 Ng5 {White is clearly winning.} 66. Kxf6 Nh7+ 67. Ke5 Kf2 {Precision: White = 53%, Black = 43%.} 1-0

[Event "XLIII Sevilla Open 2018"]
[Site "Sevilla"]
[Date "2018.01.14"]
[Round "3"]
[White "Saric, Ante"]
[Black "Schoorl, Rob"]
[Result "1/2-1/2"]
[WhiteElo "2537"]
[BlackElo "2275"]
[Annotator "TA"]
[PlyCount "61"]
[EventDate "2018.??.??"]
[EventType "swiss"]
[EventCountry "ESP"]
[SourceTitle "playchess.com"]
[Source "ChessBase"]
[SourceQuality "1"]

{[%evp 19,61,79,89,-23,-27,-24,-17,-29,-21,-23,-3,-4,-11,-7,-1,-12,-11,-12,-14,-11,-11,-22,-18,-45,-22,-35,0,0,0,0,0,0,0,0,0,2,0,0,0,0,0,0,0,0]} 1. d4 Nf6 2. c4 g6 3. Nc3 Bg7 4. e4 d6 5. Nf3 O-O 6. Be2 c5 7. d5 b5 8. cxb5 a6 9. O-O axb5 10. Bxb5 Ba6 11. e5 {E91: King's Indian: Classical: 6 Be2, unusual replies including 6...c5 and 6...Bg4} (11. Be2 $16) (11. Bxa6 Nxa6 12. Re1 Nd7 13. Bf4 c4 14. Qd2 Nb4 15. Bh6 Nd3 16. Re2 e5 17. dxe6 fxe6 18. Bxg7 Kxg7 19. Qe3 Qf6 20. Rd1 Rfb8 21. Rc2 {½-½ (59) Van Wely,L (2655)-Nakamura,H (2710) Amsterdam 2009}) 11... dxe5 $11 12. Bxa6 Nxa6 13. Nxe5 Nb4 {[%cal Rf6d5]} 14. Nc6 Nxc6 $146 ({Predecessor:} 14... Qd6 15. Bg5 Nxc6 16. dxc6 Qxc6 17. Rc1 e6 18. b3 Rfc8 {1-0 (37) Bern,I (2360)-Carlier,B (2415) Gausdal 1989}) 15. dxc6 Qc7 16. Qf3 Ra6 17. Re1 e6 18. Bf4 Qxc6 19. Qxc6 Rxc6 20. Be5 Nd5 21. Rac1 Ra8 22. a3 Bxe5 23. Rxe5 {The position is equal.} Nxc3 24. Rxc3 $15 {[%mdl 4096] Endgame KRR-KRR} Rd6 {[#] ( -> ...Rd1+)} 25. Kf1 Rd2 26. Re2 Rd1+ 27. Re1 Rd2 28. Re2 Rd1+ 29. Re1 Rd2 30. Re2 Rd1+ 31. Re1 {Precision: White = 33%, Black = 68%.} 1/2-1/2

[Event "XLIII Sevilla Open 2018"]
[Site "Sevilla"]
[Date "2018.01.14"]
[Round "3"]
[White "Swapnil, S. Dhopade"]
[Black "Carretero Ortiz, Francisco"]
[Result "1-0"]
[WhiteElo "2533"]
[BlackElo "2238"]
[Annotator "TA"]
[PlyCount "57"]
[EventDate "2018.??.??"]
[EventType "swiss"]
[EventCountry "ESP"]
[SourceTitle "playchess.com"]
[Source "ChessBase"]
[SourceQuality "1"]

{[%evp 9,57,45,97,89,101,101,118,118,124,106,106,107,166,172,188,200,242,220,231,227,210,186,320,316,336,377,371,373,331,331,317,311,456,456,444,440,619,624,625,622,893,855,1070,1020,991,976,4910,4910,4906,4902]} 1. d4 Nc6 2. Nf3 d5 3. c4 e5 4. Nxe5 Nxe5 5. dxe5 dxc4 (5... Ne7 $14) (5... d4 6. g3 c6 7. Bg2 f6 8. exf6 Nxf6 9. O-O Be6 10. Qd3 Qd7 11. Bf4 Rd8 12. Nd2 Bd6 13. Bxd6 Qxd6 14. Nf3 O-O 15. Rad1 Qb4 16. Qb3 Qxc4 17. Nxd4 Qxb3 18. Nxb3 Bxb3 19. axb3 Rfe8 20. e3 g5 {½-½ (20) Bokar,J (2550)-Spitz,P (2555) ICCF email 2005}) 6. Qxd8+ $16 {D07: Queen's Gambit: Chigorin Defence} Kxd8 7. e4 b5 8. a4 {White is better.} c6 9. Be3 Bb4+ 10. Nc3 Bxc3+ (10... Kc7 $16) 11. bxc3 $18 a6 $146 ({Predecessor:} 11... Bb7 12. Be2 Ne7 13. O-O {½-½ (27) Mohnke,M (1943)-Tsoukkerman,B (1949) Germany 2012}) 12. Be2 f6 13. exf6 Nxf6 14. axb5 cxb5 15. e5 Ng4 (15... Ne4 {was necessary.} 16. Ra3 h6) 16. Bb6+ Ke8 17. Bf3 Rb8 18. Ba7 Rb7 19. Bxb7 ({Less strong is} 19. Rxa6 Re7 $14) 19... Bxb7 20. O-O-O Bxg2 (20... Bc8 {was called for.} 21. h3 Nh6) 21. Rhg1 {White is clearly winning.} Bf3 22. Rd6 Kf7 (22... Rf8 $142 23. h3 Nh6 24. Rxg7 Rf7) 23. e6+ {[%cal Be5e6,Be6e7][%mdl 32]} Kf6 24. Bd4+ Kf5 25. h3 Ne5 26. Rxg7 Re8 27. e7 b4 28. Bxe5 Kxe5 29. Rd8 {Precision: White = 100%, Black = 29%.} 1-0

[Event "XLIII Sevilla Open 2018"]
[Site "Sevilla"]
[Date "2018.01.14"]
[Round "3"]
[White "Ulybin, Mikhail"]
[Black "Hernandez Munoz, Antonio Ramon"]
[Result "1-0"]
[WhiteElo "2519"]
[BlackElo "2225"]
[Annotator "TA"]
[PlyCount "73"]
[EventDate "2018.??.??"]
[EventType "swiss"]
[EventCountry "ESP"]
[SourceTitle "playchess.com"]
[Source "ChessBase"]
[SourceQuality "1"]

{[%evp 16,73,0,-4,0,-18,-18,-14,-28,-19,-3,-65,-53,-69,-37,-29,73,56,72,63,92,96,83,90,108,83,95,84,91,89,221,210,254,229,195,64,155,132,164,145,449,423,947,877,850,680,814,599,576,576,505,493,5406,5393,29991,29992,29994,29995,29995,29996]} 1. e4 c5 2. Nf3 d6 3. Bc4 Nf6 4. d3 Nc6 5. c3 g6 6. O-O Bg7 7. Bb3 O-O 8. h3 b5 {B50: Sicilian: 2...d6, Miscellaneous} 9. d4 {LiveBook: 15 Games} Nd7 10. d5 $146 (10. Re1 {with more complications.} a5 11. Be3 a4 12. Bc2 Bb7 13. Bg5) ({Predecessor:} 10. Be3 Rb8 11. Qc1 e5 12. Rd1 Qe7 13. Bd5 Bb7 14. dxc5 dxc5 15. a4 a6 16. axb5 axb5 17. Na3 Na5 18. Bg5 Bf6 19. Nxb5 Bxd5 20. Rxa5 Bxe4 21. Rxd7 Qxd7 22. Bxf6 Rb6 23. Nxe5 {1-0 (23) David,A (2622)-Vishnu,P (2341) Chalkis 2010}) 10... Nce5 {The position is equal.} 11. Nxe5 Nxe5 12. f4 Nd7 13. f5 (13. Be3 $11) 13... a5 $15 14. Bg5 b4 15. Bc4 Qb6 (15... Nb6 $11 16. Bb5 gxf5 17. exf5 Rb8) 16. Bxe7 $16 Re8 17. f6 Bh6 18. Nd2 Ne5 {And now ...bxc3 would win.} 19. Be2 bxc3 20. bxc3 Qb2 21. Nf3 {Nxe5 is the strong threat.} Qxc3 22. Bxd6 Nxf3+ (22... Nd7 $16) 23. Rxf3 $18 ({Don't blunder} 23. gxf3 $2 Bxh3 24. Rf2 Be3 $19) 23... Be3+ {[#]} 24. Kh1 $1 Rxe4 25. Rb1 (25. Bd3 $18 Bf5 26. Qf1) 25... Qd4 (25... Bf5 $14) 26. Bd3 $16 Re8 27. Bb5 Bf5 $2 {[%mdl 8192]} (27... Rd8 $16 {is tougher.}) 28. Bxe8 Bxb1 {[#]} (28... Rxe8 $142 29. Qxd4 Bxd4 30. Rxf5 gxf5) 29. Bxf7+ $1 $18 {[%mdl 512]} Kxf7 30. Qxb1 {Intending Qb7+ and mate.} Ra7 31. Bg3 Rd7 32. Qe1 Rxd5 33. Rxe3 {Threatening mate with Re7+.} Kxf6 (33... Qd1 $142 34. Kh2 Qxe1 35. Bxe1 Kxf6 36. Bxa5 Kf7) 34. Kh2 c4 35. Re7 {White mates.} h5 36. Bh4+ Qxh4 37. Qxh4+ {Precision: White = 59%, Black = 29%.} 1-0